000 00444 a2200133 4500
999 _c4404
_d4404
020 _a1868141985
050 _aP 40.45 LAN 1992
245 _aLanguage and society in Africa :
_bthe theory and practice of sociolinguistics /
_cedited by Robert K. Herbert
264 _aJohannesburg:
_bWitwatersrand University Press,
_c1992
300 _a356p. :
_bill. ;
500 _aIncludes index
650 _aSociolinguistics
942 _2lcc
_cBK
_h40.45
_iLAN
_kP